Fingerprints of the Gods : (Record no. 187899)

MARC details
000 -LEADER
fixed length control field 01328nam a2200325 i 4500
003 - CONTROL NUMBER IDENTIFIER
control field OSt
005 - DATE AND TIME OF LATEST TRANSACTION
control field 20220612112809.0
008 - FIXED-LENGTH DATA ELEMENTS--GENERAL INFORMATION
fixed length control field 220612s1998 enkafb e 001 0 eng d
020 ## - INTERNATIONAL STANDARD BOOK NUMBER
International Standard Book Number 9780749314545
Qualifying information paperback
040 ## - CATALOGING SOURCE
Original cataloging agency PPAK
Language of cataloging eng
Transcribing agency PPAK
Description conventions rda
082 04 - DEWEY DECIMAL CLASSIFICATION NUMBER
Edition number 23
Classification number 930.1
090 00 - LOCALLY ASSIGNED LC-TYPE CALL NUMBER (OCLC); LOCAL CALL NUMBER (RLIN)
Classification number (OCLC) (R) ; Classification number, CALL (RLIN) (NR) 930.1
Feature heading HAN
Feature heading KAO
100 1# - MAIN ENTRY--PERSONAL NAME
Personal name Hancock, Graham,
Relator term author.
245 10 - TITLE STATEMENT
Title Fingerprints of the Gods :
Remainder of title A Quest for the Beginning and the End /
Statement of responsibility, etc. Graham Hancock ; Photographs by Santha Faiia
264 #1 - PRODUCTION, PUBLICATION, DISTRIBUTION, MANUFACTURE, AND COPYRIGHT NOTICE
Place of production, publication, distribution, manufacture London :
Name of producer, publisher, distributor, manufacturer Arrow Books,
Date of production, publication, distribution, manufacture, or copyright notice 1998.
300 ## - PHYSICAL DESCRIPTION
Extent xiv, 607 pages, 32 unnumbered pages of plates :
Other physical details illustrations, maps ;
Dimensions 18 cm.
336 ## - CONTENT TYPE
Source rdacontent
Content type term text
337 ## - MEDIA TYPE
Source rdamedia
Media type term unmediated
338 ## - CARRIER TYPE
Source rdacarrier
Carrier type term volume
500 ## - GENERAL NOTE
General note Includes index
504 ## - BIBLIOGRAPHY, ETC. NOTE
Bibliography, etc. note Includes bibliography : 585-592 pages
520 ## - SUMMARY, ETC.
Summary, etc. In this work the author embarks on a quest for the whereabouts, nature and few surviving traces of a lost civilization that was destroyed long ago and obliterated from human memory long before any of the cultures of historical antiquity rose to prominence.
650 10 - SUBJECT ADDED ENTRY--TOPICAL TERM
Topical term or geographic name entry element Lost continents.
Topical term or geographic name entry element Civilization, Ancient.
Topical term or geographic name entry element World maps
Chronological subdivision Early works to 1800.
655 7# - INDEX TERM--GENRE/FORM
Genre/form data or focus term Early works
Genre/form data or focus term Early works to 1800
700 1# - ADDED ENTRY--PERSONAL NAME
Personal name Faiia, Santha,
Relator term photographer.
942 ## - ADDED ENTRY ELEMENTS (KOHA)
Source of classification or shelving scheme Dewey Decimal Classification
Koha item type Book
Holdings
Withdrawn Not for loan Current library Shelving location Date acquired Full call number Barcode Date last seen Koha item type
  Not For Loan Perpustakaan Jitra Koleksi Asmah Haji Omar 04/07/2022 KAO 930.1 HAN KAO001282 04/07/2022 Book